[Event "7. Arber-Senioren-Cup 2019"]
[Site "Bodenmais"]
[Date "2019.08.03"]
[Round "8.9"]
[White "Nickl, Klaus"]
[Black "Neubauer, Jaroslaus"]
[Result "1/2-1/2"]
[WhiteElo "1988"]
[BlackElo "2014"]
[Annotator "NA"]
[PlyCount "79"]
[EventDate "2019.07.27"]
[EventType "swiss"]
[EventCountry "GER"]
[SourceTitle "playchess.com"]
[Source "ChessBase"]
[SourceQuality "1"]
[TimeControl "5400+30"]

1. d4 {[%emt 0:00:00]} d5 {[%emt 0:00:00]} 2. c4 {[%emt 0:00:00]} e6 {[%emt 0:00:00]} 3. Nc3 {[%emt 0:00:00]} Nf6 {[%emt 0:00:00]} 4. Bg5 {[%emt 0:00:00]} Bb4 {[%emt 0:00:00]} 5. a3 {[%emt 0:00:00]} Bxc3+ {[%emt 0:00:00]} 6. bxc3 {[%emt 0:00:00]} h6 {[%emt 0:00:00]} 7. Bxf6 {[%emt 0:00:00]} Qxf6 {[%emt 0:00:00]} 8. e3 {[%emt 0:00:00]} O-O {[%emt 0:00:00]} 9. f4 {[%emt 0:00:00]} c5 {[%emt 0:00:00]} 10. Nf3 {[%emt 0:00:00]} Nc6 {[%emt 0:00:00]} 11. Bd3 {[%emt 0:00:00]} dxc4 {[%emt 0:00:00]} 12. Bxc4 {[%emt 0:00:00]} cxd4 {[%emt 0:00:00]} 13. cxd4 {[%emt 0:00:00]} b6 {[%emt 0:00:00]} 14. O-O {[%emt 0:00:00]} Na5 15. Bd3 Bb7 {[%emt 0:00:00]} 16. Ne5 {[%emt 0:00:00]} Rfd8 {[%emt 0:00:00]} 17. Rc1 {[%emt 0:00:00]} Qe7 {[%emt 0:00:00]} 18. Qh5 {[%emt 0:00:00]} f5 {[%emt 0:00:00]} 19. g4 {[%emt 0:00:00]} Be4 {[%emt 0:00:00]} 20. Bxe4 {[%emt 0:01:28]} fxe4 {[%emt 0:00:00]} 21. Rc3 {[%emt 0:00:18]} Rac8 {[%emt 0:00:00]} 22. Rfc1 {[%emt 0:01:07]} Rxc3 {[%emt 0:02:02]} 23. Rxc3 {[%emt 0:00:12]} b5 {[%emt 0:20:54]} 24. Ng6 {[%emt 0:14:41]} Qf7 {[%emt 0:02:50]} 25. Qh4 {[%emt 0:04:30]} Rb8 {[%emt 0:07:57]} 26. Ne5 {[%emt 0:01:16]} Qb7 {[%emt 0:05:25]} 27. Qe1 {[%emt 0:04:04]} Nc4 {[%emt 0:06:58]} 28. Nxc4 {[%emt 0:03:32]} bxc4 {[%emt 0:00:12]} 29. Rxc4 {[%emt 0:00:14]} Qd5 {[%emt 0:03:40]} 30. Qc3 {[%emt 0:05:26]} Rb1+ {[%emt 0:02:21]} 31. Kg2 {[%emt 0:00:35]} Qb5 {[%emt 0:02:14]} 32. Kg3 {[%emt 0:03:53]} Rg1+ {[%emt 0:06:53]} 33. Kh4 {[%emt 0:19:07]} Qb1 {[%emt 0:20:21]} 34. Rc8+ {[%emt 0:00:31]} Kh7 {[%emt 0:00:30]} 35. Rc7 {[%emt 0:00:24]} Qf1 {[%emt 0:02:39]} 36. Rxg7+ {[%emt 0:02:13]} Kxg7 {[%emt 0:00:41]} 37. Qc7+ {[%emt 0:00:47]} Kg6 {[%emt 0:04:18]} 38. f5+ {[%emt 0:00:14]} exf5 {[%emt 0:02:09]} 39. Qd6+ {[%emt 0:00:21]} Kf7 {[%emt 0:01:17]} 40. Qd7+ {[%emt 0:00:16]} 1/2-1/2

[Event "7. Arber-Senioren-Cup 2019"]
[Site "Bodenmais"]
[Date "2019.08.03"]
[Round "8.10"]
[White "Busch, Joerg"]
[Black "Glaessl, Matthias"]
[Result "0-1"]
[WhiteElo "1851"]
[BlackElo "2148"]
[Annotator "NA"]
[PlyCount "64"]
[EventDate "2019.07.27"]
[EventType "swiss"]
[EventCountry "GER"]
[SourceTitle "playchess.com"]
[Source "ChessBase"]
[SourceQuality "1"]
[TimeControl "5400+30"]

1. d4 {[%emt 0:00:00]} Nf6 {[%emt 0:00:00]} 2. Bf4 {[%emt 0:00:00]} g6 {[%emt 0:00:00]} 3. e3 {[%emt 0:00:00]} Bg7 {[%emt 0:00:00]} 4. Be2 {[%emt 0:00:00]} O-O {[%emt 0:00:00]} 5. Nd2 {[%emt 0:00:00]} d6 {[%emt 0:00:00]} 6. Ngf3 {[%emt 0:00:00]} Nbd7 {[%emt 0:00:00]} 7. e4 {[%emt 0:00:00]} Re8 {[%emt 0:00:00]} 8. Bg5 {[%emt 0:00:00]} Nf8 {[%emt 0:00:00]} 9. O-O {[%emt 0:00:00]} h6 {[%emt 0:00:00]} 10. Bh4 {[%emt 0:00:00]} g5 {[%emt 0:00:00]} 11. Bg3 {[%emt 0:00:00]} Nh5 {[%emt 0:00:00]} 12. c3 {[%emt 0:00:00]} Ng6 {[%emt 0:00:00]} 13. Qb3 {[%emt 0:00:00]} e6 {[%emt 0:00:00]} 14. Ne1 {[%emt 0:00:00]} Nhf4 {[%emt 0:00:00]} 15. Bf3 {[%emt 0:02:20]} e5 {[%emt 0:00:00]} 16. Bxf4 {[%emt 0:05:47]} Nxf4 {[%emt 0:03:37]} 17. g3 {[%emt 0:01:26]} Nh3+ {[%emt 0:03:24]} 18. Kg2 {[%emt 0:03:34]} exd4 {[%emt 0:10:58]} 19. c4 {[%emt 0:05:03]} g4 {[%emt 0:02:16]} 20. Be2 {[%emt 0:00:48]} Ng5 {[%emt 0:02:09]} 21. Bd3 {[%emt 0:03:01]} b6 {[%emt 0:01:05]} 22. h4 {[%emt 0:05:47]} gxh3+ {[%emt 0:02:24]} 23. Kh2 {[%emt 0:00:13]} Ne6 {[%emt 0:02:45]} 24. f4 {[%emt 0:01:22]} Nc5 {[%emt 0:02:25]} 25. Qc2 {[%emt 0:00:19]} f5 {[%emt 0:01:04]} 26. exf5 {[%emt 0:01:36]} Nxd3 {[%emt 0:00:09]} 27. Qxd3 {[%emt 0:00:10]} Re3 {[%emt 0:00:09]} 28. Qc2 {[%emt 0:02:56]} Re2+ {[%emt 0:04:08]} 29. Kxh3 {[%emt 0:00:42]} Qe8 {[%emt 0:00:33]} 30. Nef3 {[%emt 0:06:47]} Bb7 {[%emt 0:01:46]} 31. Qd3 {[%emt 0:06:58]} Qh5+ {[%emt 0:01:17]} 32. Nh4 {[%emt 0:00:55]} Bg2+ {[%emt 0:00:10]} 0-1

[Event "7. Arber-Senioren-Cup 2019"]
[Site "Bodenmais"]
[Date "2019.08.03"]
[Round "8.12"]
[White "Latzel, Wolfgang"]
[Black "Augustin, Christian"]
[Result "1/2-1/2"]
[WhiteElo "1881"]
[BlackElo "1971"]
[Annotator "NA"]
[PlyCount "24"]
[EventDate "2019.07.27"]
[EventType "swiss"]
[EventCountry "GER"]
[SourceTitle "playchess.com"]
[Source "ChessBase"]
[SourceQuality "1"]
[TimeControl "5400+30"]

1. e4 {[%emt 0:00:00]} g6 {[%emt 0:00:00]} 2. d4 {[%emt 0:00:00]} Bg7 {[%emt 0:00:00]} 3. Nc3 {[%emt 0:00:00]} d6 {[%emt 0:00:00]} 4. Be3 {[%emt 0:00:00]} Nd7 {[%emt 0:00:00]} 5. g3 {[%emt 0:00:00]} b6 {[%emt 0:00:00]} 6. Bg2 {[%emt 0:00:00]} Bb7 {[%emt 0:00:00]} 7. Nge2 {[%emt 0:00:00]} e6 {[%emt 0:00:00]} 8. Qd2 {[%emt 0:00:00]} h6 {[%emt 0:00:00]} 9. O-O {[%emt 0:00:00]} Ne7 {[%emt 0:00:00]} 10. Rad1 {[%emt 0:00:00]} a6 {[%emt 0:00:00]} 11. h3 {[%emt 0:00:00]} Rb8 {[%emt 0:00:00]} 12. Rfe1 {[%emt 0:00:00]} Kf8 {[%emt 0:00:00]} 1/2-1/2

[Event "7. Arber-Senioren-Cup 2019"]
[Site "Bodenmais"]
[Date "2019.08.03"]
[Round "8.13"]
[White "Benischek, Wolfgang"]
[Black "Loibl, Johann"]
[Result "1/2-1/2"]
[WhiteElo "2022"]
[BlackElo "1760"]
[Annotator "NA"]
[PlyCount "45"]
[EventDate "2019.07.27"]
[EventType "swiss"]
[EventCountry "GER"]
[SourceTitle "playchess.com"]
[Source "ChessBase"]
[SourceQuality "1"]
[TimeControl "5400+30"]

1. d4 {[%emt 0:00:00]} Nf6 {[%emt 0:00:00]} 2. c4 {[%emt 0:00:00]} e5 {[%emt 0:00:00]} 3. d5 {[%emt 0:00:00]} Bc5 {[%emt 0:00:00]} 4. Nc3 {[%emt 0:00:00]} d6 {[%emt 0:00:00]} 5. h3 {[%emt 0:00:00]} Bf5 {[%emt 0:00:00]} 6. Nf3 {[%emt 0:00:00]} Nbd7 {[%emt 0:00:00]} 7. g4 {[%emt 0:00:00]} Ne4 {[%emt 0:00:00]} 8. Nxe4 {[%emt 0:00:00]} Bxe4 {[%emt 0:00:00]} 9. a3 {[%emt 0:00:00]} a5 {[%emt 0:00:00]} 10. Bg2 {[%emt 0:00:00]} Qe7 {[%emt 0:00:58]} 11. O-O {[%emt 0:00:00]} O-O {[%emt 0:04:04]} 12. Bg5 {[%emt 0:00:00]} Qe8 {[%emt 0:01:43]} 13. Bd2 {[%emt 0:00:00]} Bxf3 {[%emt 0:09:28]} 14. Bxf3 {[%emt 0:02:05]} e4 {[%emt 0:02:42]} 15. Bg2 {[%emt 0:00:13]} e3 {[%emt 0:02:01]} 16. Bxe3 {[%emt 0:00:53]} Bxe3 {[%emt 0:00:06]} 17. fxe3 {[%emt 0:00:10]} Qxe3+ {[%emt 0:00:04]} 18. Rf2 {[%emt 0:04:13]} f5 {[%emt 0:05:31]} 19. Qc1 {[%emt 0:02:58]} Qxc1+ {[%emt 0:01:56]} 20. Rxc1 {[%emt 0:00:01]} fxg4 {[%emt 0:00:19]} 21. hxg4 Ne5 22. Bf3 Rf4 23. c5 1/2-1/2

[Event "7. Arber-Senioren-Cup 2019"]
[Site "Bodenmais"]
[Date "2019.08.03"]
[Round "8.14"]
[White "Waltenberger, Udo"]
[Black "Limberg, Siegfried"]
[Result "1/2-1/2"]
[WhiteElo "1986"]
[BlackElo "1983"]
[Annotator "NA"]
[PlyCount "48"]
[EventDate "2019.07.27"]
[EventType "swiss"]
[EventCountry "GER"]
[SourceTitle "playchess.com"]
[Source "ChessBase"]
[SourceQuality "1"]
[TimeControl "5400+30"]

1. d4 {[%emt 0:00:00]} d5 {[%emt 0:00:00]} 2. Nf3 {[%emt 0:00:00]} Nf6 {[%emt 0:00:00]} 3. g3 {[%emt 0:00:00]} c6 {[%emt 0:00:00]} 4. Bg2 {[%emt 0:00:00]} Bf5 {[%emt 0:00:00]} 5. O-O {[%emt 0:00:00]} e6 {[%emt 0:00:00]} 6. c4 {[%emt 0:00:00]} Nbd7 {[%emt 0:00:00]} 7. Nc3 {[%emt 0:00:00]} Be7 {[%emt 0:00:00]} 8. b3 {[%emt 0:00:00]} Ne4 {[%emt 0:00:00]} 9. Bb2 {[%emt 0:00:00]} Nxc3 {[%emt 0:00:00]} 10. Bxc3 {[%emt 0:00:00]} Be4 {[%emt 0:00:00]} 11. Qd2 {[%emt 0:00:00]} O-O {[%emt 0:00:00]} 12. Rac1 {[%emt 0:00:00]} a5 {[%emt 0:00:00]} 13. e3 {[%emt 0:00:00]} h6 {[%emt 0:00:00]} 14. cxd5 {[%emt 0:00:00]} exd5 {[%emt 0:00:00]} 15. Rfd1 {[%emt 0:00:00]} Nf6 {[%emt 0:00:00]} 16. Qe2 {[%emt 0:00:00]} Re8 {[%emt 0:00:00]} 17. Bb2 {[%emt 0:00:00]} Bd6 {[%emt 0:00:00]} 18. Nd2 {[%emt 0:00:00]} Bxg2 {[%emt 0:00:00]} 19. Kxg2 {[%emt 0:00:00]} Qe7 {[%emt 0:00:00]} 20. Re1 {[%emt 0:00:00]} a4 {[%emt 0:00:00]} 21. Ra1 {[%emt 0:00:00]} Ra7 {[%emt 0:00:00]} 22. f3 {[%emt 0:00:17]} Rea8 {[%emt 0:06:04]} 23. Kf2 {[%emt 0:14:33]} axb3 {[%emt 0:02:37]} 24. axb3 {[%emt 0:00:07]} Rxa1 1/2-1/2

[Event "7. Arber-Senioren-Cup 2019"]
[Site "Bodenmais"]
[Date "2019.08.03"]
[Round "8.15"]
[White "Hilbig, Dieter"]
[Black "Steiger, Michael"]
[Result "1/2-1/2"]
[WhiteElo "1943"]
[BlackElo "2016"]
[Annotator "NA"]
[PlyCount "22"]
[EventDate "2019.07.27"]
[EventType "swiss"]
[EventCountry "GER"]
[SourceTitle "playchess.com"]
[Source "ChessBase"]
[SourceQuality "1"]
[TimeControl "5400+30"]

1. e4 {[%emt 0:00:00]} c5 {[%emt 0:00:00]} 2. Nc3 {[%emt 0:00:00]} Nc6 {[%emt 0:00:00]} 3. f4 {[%emt 0:00:00]} e6 {[%emt 0:00:00]} 4. Nf3 {[%emt 0:00:00]} d5 {[%emt 0:00:00]} 5. Bb5 {[%emt 0:00:00]} Nge7 {[%emt 0:00:00]} 6. Qe2 {[%emt 0:00:00]} d4 {[%emt 0:00:00]} 7. Nb1 {[%emt 0:00:00]} a6 {[%emt 0:00:00]} 8. Bxc6+ {[%emt 0:00:00]} Nxc6 {[%emt 0:00:00]} 9. O-O {[%emt 0:00:00]} Be7 {[%emt 0:00:00]} 10. d3 {[%emt 0:00:00]} O-O {[%emt 0:00:00]} 11. Nbd2 {[%emt 0:00:00]} Qc7 {[%emt 0:00:00]} 1/2-1/2

[Event "7. Arber-Senioren-Cup 2019"]
[Site "Bodenmais"]
[Date "2019.08.03"]
[Round "8.16"]
[White "Peglau, Markus"]
[Black "Fleuch, Hans-Juergen"]
[Result "1-0"]
[WhiteElo "1849"]
[BlackElo "1951"]
[Annotator "NA"]
[PlyCount "157"]
[EventDate "2019.07.27"]
[EventType "swiss"]
[EventCountry "GER"]
[SourceTitle "playchess.com"]
[Source "ChessBase"]
[SourceQuality "1"]
[TimeControl "5400+30"]

1. c4 {[%emt 0:00:00]} e5 {[%emt 0:00:00]} 2. Nc3 d6 {[%emt 0:00:00]} 3. Nf3 {[%emt 0:00:00]} Nf6 {[%emt 0:00:00]} 4. d4 {[%emt 0:00:00]} exd4 {[%emt 0:00:00]} 5. Nxd4 {[%emt 0:00:00]} Nbd7 {[%emt 0:00:00]} 6. e4 {[%emt 0:00:00]} Nc5 {[%emt 0:00:00]} 7. Qc2 {[%emt 0:00:00]} a5 {[%emt 0:00:00]} 8. Be2 {[%emt 0:00:00]} Be7 {[%emt 0:00:00]} 9. O-O {[%emt 0:00:00]} O-O {[%emt 0:00:00]} 10. f3 {[%emt 0:00:00]} Re8 {[%emt 0:00:00]} 11. Be3 {[%emt 0:00:00]} c6 {[%emt 0:01:00]} 12. Rfd1 {[%emt 0:00:00]} Qc7 {[%emt 0:01:31]} 13. Rac1 {[%emt 0:00:00]} Bf8 {[%emt 0:12:24]} 14. Bg5 {[%emt 0:00:00]} Qe7 {[%emt 0:09:01]} 15. Rd2 {[%emt 0:00:00]} h6 {[%emt 0:02:54]} 16. Bh4 {[%emt 0:00:00]} g5 {[%emt 0:00:50]} 17. Bf2 {[%emt 0:00:00]} Nh5 {[%emt 0:05:28]} 18. Rcd1 {[%emt 0:06:00]} Nf4 {[%emt 0:03:17]} 19. Bf1 {[%emt 0:09:42]} Qf6 {[%emt 0:04:35]} 20. Nce2 {[%emt 0:08:16]} Be6 {[%emt 0:15:38]} 21. Nxf4 {[%emt 0:11:21]} Qxf4 {[%emt 0:06:47]} 22. Bg3 {[%emt 0:05:36]} Qf6 {[%emt 0:01:17]} 23. Nb3 {[%emt 0:13:55]} Na4 {[%emt 0:02:59]} 24. Nd4 {[%emt 0:02:30]} Nc5 {[%emt 0:00:32]} 25. b3 {[%emt 0:01:45]} Rad8 {[%emt 0:01:40]} 26. Ne2 {[%emt 0:01:58]} Bc8 {[%emt 0:03:18]} 27. Qc3 {[%emt 0:03:02]} Qxc3 {[%emt 0:01:09]} 28. Nxc3 {[%emt 0:00:04]} Rd7 {[%emt 0:03:50]} 29. Bf2 {[%emt 0:13:33]} Bg7 {[%emt 0:04:42]} 30. Ne2 {[%emt 0:03:41]} Red8 {[%emt 0:00:53]} 31. Ng3 {[%emt 0:01:33]} Bc3 {[%emt 0:00:08]} 32. Rc2 {[%emt 0:00:49]} Be5 {[%emt 0:00:01]} 33. Nf5 {[%emt 0:01:06]} Kh7 {[%emt 0:00:20]} 34. Rcd2 {[%emt 0:01:59]} Bf4 {[%emt 0:00:15]} 35. Rc2 {[%emt 0:01:42]} Re8 {[%emt 0:01:58]} 36. g3 {[%emt 0:00:43]} Be5 {[%emt 0:00:02]} 37. Rcd2 {[%emt 0:00:43]} Red8 {[%emt 0:00:35]} 38. Bh3 {[%emt 0:00:49]} b6 {[%emt 0:03:31]} 39. Ne3 {[%emt 0:03:15]} Ne6 40. Ng4 {[%emt 0:00:46]} c5 {[%emt 0:05:20]} 41. Ne3 {[%emt 0:01:14]} Ra7 {[%emt 0:01:22]} 42. Nf5 {[%emt 0:01:39]} Nd4 {[%emt 0:01:10]} 43. Nxd4 {[%emt 0:00:30]} Bxd4 {[%emt 0:01:00]} 44. Bxc8 {[%emt 0:00:33]} Bxf2+ {[%emt 0:00:21]} 45. Kxf2 {[%emt 0:00:05]} Rxc8 {[%emt 0:00:08]} 46. Rxd6 {[%emt 0:00:10]} a4 {[%emt 0:00:30]} 47. Rxb6 {[%emt 0:01:41]} axb3 {[%emt 0:00:01]} 48. axb3 {[%emt 0:00:10]} Ra2+ {[%emt 0:00:20]} 49. Ke3 {[%emt 0:01:27]} Rxh2 {[%emt 0:00:33]} 50. Rb7 {[%emt 0:00:45]} Kg6 {[%emt 0:00:56]} 51. Rd6+ {[%emt 0:00:32]} Kg7 {[%emt 0:01:10]} 52. Rdd7 {[%emt 0:00:20]} Rf8 {[%emt 0:00:25]} 53. e5 {[%emt 0:02:15]} Kg6 {[%emt 0:02:29]} 54. Rd6+ {[%emt 0:01:18]} Kf5 {[%emt 0:00:42]} 55. Re7 {[%emt 0:01:27]} f6 {[%emt 0:00:42]} 56. g4+ {[%emt 0:00:50]} Kg6 {[%emt 0:00:01]} 57. Ree6 {[%emt 0:00:38]} Rb2 {[%emt 0:00:14]} 58. Rxf6+ {[%emt 0:00:11]} Rxf6 {[%emt 0:00:10]} 59. Rxf6+ {[%emt 0:00:08]} Kg7 {[%emt 0:00:02]} 60. Rb6 {[%emt 0:00:33]} Rb1 {[%emt 0:01:40]} 61. Ke4 {[%emt 0:02:12]} Re1+ {[%emt 0:00:20]} 62. Kd5 {[%emt 0:00:25]} Rf1 {[%emt 0:00:21]} 63. Rf6 {[%emt 0:00:11]} Rb1 {[%emt 0:00:11]} 64. Kxc5 {[%emt 0:00:11]} Rxb3 {[%emt 0:00:02]} 65. Kd6 {[%emt 0:00:46]} Rd3+ {[%emt 0:00:02]} 66. Kc6 {[%emt 0:00:10]} Re3 {[%emt 0:00:15]} 67. Rf5 {[%emt 0:00:14]} Kg6 {[%emt 0:00:12]} 68. c5 {[%emt 0:00:29]} h5 {[%emt 0:00:40]} 69. Rf6+ {[%emt 0:00:31]} Kg7 {[%emt 0:00:02]} 70. gxh5 {[%emt 0:00:55]} Rxe5 {[%emt 0:00:03]} 71. Rd6 {[%emt 0:00:39]} Kf7 {[%emt 0:03:42]} 72. Rd5 {[%emt 0:00:55]} Re6+ {[%emt 0:00:39]} 73. Rd6 {[%emt 0:00:17]} Re3 {[%emt 0:00:18]} 74. Rg6 {[%emt 0:00:56]} Re5 {[%emt 0:00:12]} 75. Kd6 {[%emt 0:00:44]} Re3 {[%emt 0:03:26]} 76. Rxg5 {[%emt 0:00:22]} Rd3+ {[%emt 0:01:10]} 77. Rd5 {[%emt 0:00:25]} Rxf3 {[%emt 0:00:01]} 78. Kd7 {[%emt 0:01:15]} Rf6 {[%emt 0:00:41]} 79. c6 {[%emt 0:00:26]} 1-0

[Event "7. Arber-Senioren-Cup 2019"]
[Site "Bodenmais"]
[Date "2019.08.03"]
[Round "8.17"]
[White "Zwetz, Anita"]
[Black "Schmidt, Matthias"]
[Result "1/2-1/2"]
[WhiteElo "1828"]
[BlackElo "2020"]
[Annotator "NA"]
[PlyCount "137"]
[EventDate "2019.07.27"]
[EventType "swiss"]
[EventCountry "GER"]
[SourceTitle "playchess.com"]
[Source "ChessBase"]
[SourceQuality "1"]
[TimeControl "5400+30"]

1. d4 {[%emt 0:00:00]} e6 {[%emt 0:00:00]} 2. Nf3 {[%emt 0:00:00]} f5 {[%emt 0:00:00]} 3. Bg5 {[%emt 0:00:00]} Nf6 {[%emt 0:00:00]} 4. e3 {[%emt 0:00:00]} Be7 {[%emt 0:00:00]} 5. Ne5 {[%emt 0:00:00]} O-O {[%emt 0:00:00]} 6. Bc4 {[%emt 0:00:00]} d6 {[%emt 0:00:00]} 7. Nd3 {[%emt 0:00:00]} d5 {[%emt 0:00:00]} 8. Bb3 {[%emt 0:00:00]} Ne4 {[%emt 0:00:00]} 9. Bxe7 {[%emt 0:00:00]} Qxe7 {[%emt 0:00:00]} 10. c4 {[%emt 0:00:00]} c6 {[%emt 0:00:00]} 11. Nd2 {[%emt 0:00:00]} Bd7 {[%emt 0:00:00]} 12. Qe2 {[%emt 0:00:00]} Be8 {[%emt 0:00:00]} 13. h4 {[%emt 0:13:57]} Nd7 {[%emt 0:02:32]} 14. Rh3 {[%emt 0:09:56]} Ndf6 {[%emt 0:03:28]} 15. f3 {[%emt 0:08:31]} Nxd2 {[%emt 0:02:28]} 16. Qxd2 {[%emt 0:00:17]} Kh8 {[%emt 0:01:50]} 17. Ne5 {[%emt 0:04:53]} Nd7 {[%emt 0:02:55]} 18. Nxd7 {[%emt 0:08:07]} Qxd7 {[%emt 0:01:12]} 19. O-O-O {[%emt 0:00:40]} Bh5 {[%emt 0:05:00]} 20. Rg1 {[%emt 0:06:03]} Rad8 {[%emt 0:05:28]} 21. Qc3 {[%emt 0:04:25]} Rf6 {[%emt 0:07:00]} 22. g4 {[%emt 0:01:00]} fxg4 {[%emt 0:00:10]} 23. fxg4 {[%emt 0:00:02]} Bg6 {[%emt 0:00:45]} 24. Bc2 {[%emt 0:02:58]} Bxc2 {[%emt 0:01:14]} 25. Qxc2 {[%emt 0:00:14]} Rdf8 {[%emt 0:00:31]} 26. Rh2 {[%emt 0:01:27]} Rf1+ {[%emt 0:05:40]} 27. Rxf1 {[%emt 0:00:06]} Rxf1+ {[%emt 0:00:12]} 28. Kd2 {[%emt 0:00:06]} Qc7 {[%emt 0:07:13]} 29. Kd3 {[%emt 0:03:00]} dxc4+ {[%emt 0:03:22]} 30. Kxc4 {[%emt 0:00:20]} Qd6 {[%emt 0:02:01]} 31. Kd3 {[%emt 0:08:32]} e5 {[%emt 0:08:55]} 32. Qe2 {[%emt 0:01:20]} e4+ {[%emt 0:05:32]} 33. Kc3 {[%emt 0:01:25]} Qf6 {[%emt 0:04:52]} 34. g5 {[%emt 0:03:48]} Qf5 {[%emt 0:02:18]} 35. b4 {[%emt 0:01:14]} Qf7 {[%emt 0:07:18]} 36. h5 {[%emt 0:00:57]} Qf3 {[%emt 0:04:55]} 37. Qxf3 {[%emt 0:04:31]} Rxf3 {[%emt 0:00:13]} 38. Kd2 {[%emt 0:00:22]} Kg8 {[%emt 0:00:19]} 39. h6 {[%emt 0:01:01]} Rg3 {[%emt 0:01:15]} 40. Rh4 {[%emt 0:02:02]} Rxg5 {[%emt 0:01:58]} 41. a3 {[%emt 0:01:56]} Rg2+ {[%emt 0:01:39]} 42. Kc3 {[%emt 0:00:05]} g5 {[%emt 0:00:19]} 43. Rxe4 {[%emt 0:00:16]} Kf7 {[%emt 0:00:32]} 44. Re5 {[%emt 0:00:40]} g4 {[%emt 0:02:58]} 45. Rg5 {[%emt 0:00:17]} g3 {[%emt 0:01:01]} 46. Rg7+ {[%emt 0:00:09]} Kf6 {[%emt 0:03:34]} 47. e4 {[%emt 0:00:41]} Rg1 {[%emt 0:01:23]} 48. e5+ {[%emt 0:00:21]} Ke6 {[%emt 0:00:24]} 49. Kb2 {[%emt 0:01:08]} g2 {[%emt 0:01:47]} 50. Ka2 {[%emt 0:01:25]} b6 {[%emt 0:02:14]} 51. Kb2 {[%emt 0:00:13]} a6 {[%emt 0:01:01]} 52. a4 {[%emt 0:00:33]} Rh1 {[%emt 0:01:09]} 53. Rxg2 {[%emt 0:00:07]} Rxh6 {[%emt 0:00:03]} 54. Rg3 {[%emt 0:00:54]} Kd5 {[%emt 0:00:17]} 55. Kc3 {[%emt 0:00:03]} Rh4 {[%emt 0:00:52]} 56. Rg7 {[%emt 0:05:35]} Rh3+ {[%emt 0:03:13]} 57. Kd2 {[%emt 0:00:35]} Kxd4 {[%emt 0:02:21]} 58. e6 {[%emt 0:00:06]} Rd3+ {[%emt 0:00:08]} 59. Kc2 {[%emt 0:00:19]} Re3 {[%emt 0:00:24]} 60. Rxh7 {[%emt 0:05:12]} Rxe6 {[%emt 0:00:03]} 61. Rh4+ {[%emt 0:00:09]} Kd5 {[%emt 0:02:23]} 62. Rh3 {[%emt 0:00:54]} c5 {[%emt 0:00:14]} 63. Kc3 {[%emt 0:01:44]} cxb4+ {[%emt 0:00:05]} 64. Kxb4 {[%emt 0:00:03]} Re4+ {[%emt 0:00:18]} 65. Kb3 {[%emt 0:00:18]} a5 {[%emt 0:00:24]} 66. Rh6 {[%emt 0:01:34]} Re3+ {[%emt 0:00:14]} 67. Kb2 {[%emt 0:00:21]} Kc5 {[%emt 0:00:22]} 68. Rh5+ {[%emt 0:00:28]} Kb4 69. Rh1 1/2-1/2

[Event "7. Arber-Senioren-Cup 2019"]
[Site "Bodenmais"]
[Date "2019.08.03"]
[Round "8.18"]
[White "Mahnke, Ralf, Dr."]
[Black "Kirschner, Torsten"]
[Result "1-0"]
[WhiteElo "1925"]
[BlackElo "1767"]
[Annotator "NA"]
[PlyCount "69"]
[EventDate "2019.07.27"]
[EventType "swiss"]
[EventCountry "GER"]
[SourceTitle "playchess.com"]
[Source "ChessBase"]
[SourceQuality "1"]
[TimeControl "5400+30"]

1. d4 {[%emt 0:00:00]} Nf6 {[%emt 0:00:00]} 2. c4 {[%emt 0:00:00]} g6 {[%emt 0:00:00]} 3. Nc3 {[%emt 0:00:00]} Bg7 {[%emt 0:00:00]} 4. e4 {[%emt 0:00:00]} d6 {[%emt 0:00:00]} 5. Be2 {[%emt 0:00:00]} O-O {[%emt 0:00:00]} 6. Nf3 {[%emt 0:00:00]} e5 {[%emt 0:00:00]} 7. O-O {[%emt 0:00:00]} Nc6 {[%emt 0:00:00]} 8. d5 {[%emt 0:00:00]} Ne7 {[%emt 0:00:00]} 9. Ne1 {[%emt 0:00:00]} Ne8 {[%emt 0:00:00]} 10. Be3 {[%emt 0:00:00]} f5 {[%emt 0:00:00]} 11. f3 {[%emt 0:00:00]} f4 {[%emt 0:00:00]} 12. Bf2 {[%emt 0:00:00]} g5 {[%emt 0:00:00]} 13. c5 {[%emt 0:00:00]} a6 {[%emt 0:00:00]} 14. Nd3 {[%emt 0:00:00]} Ng6 {[%emt 0:00:00]} 15. a4 {[%emt 0:00:00]} Rf7 {[%emt 0:00:00]} 16. Be1 {[%emt 0:00:00]} Bf8 {[%emt 0:00:00]} 17. b4 {[%emt 0:00:00]} h5 {[%emt 0:00:00]} 18. a5 {[%emt 0:00:00]} Nf6 {[%emt 0:00:00]} 19. cxd6 {[%emt 0:00:00]} Bxd6 {[%emt 0:00:00]} 20. b5 {[%emt 0:00:00]} g4 {[%emt 0:09:14]} 21. bxa6 {[%emt 0:00:00]} bxa6 {[%emt 0:01:54]} 22. Na4 {[%emt 0:00:00]} Qe7 {[%emt 0:08:27]} 23. Rb1 {[%emt 0:00:00]} Rg7 {[%emt 0:04:20]} 24. Bb4 {[%emt 0:00:00]} g3 {[%emt 0:06:37]} 25. Bxd6 {[%emt 0:00:00]} cxd6 {[%emt 0:09:08]} 26. Nb6 {[%emt 0:00:00]} Nxd5 {[%emt 0:07:54]} 27. Nxc8 {[%emt 0:00:49]} Qh4 {[%emt 0:06:42]} 28. h3 {[%emt 0:00:52]} Ne3 {[%emt 0:04:34]} 29. Qb3+ {[%emt 0:01:24]} Kh7 {[%emt 0:00:35]} 30. Nxd6 {[%emt 0:01:43]} Nxf1 {[%emt 0:12:25]} 31. Bxf1 {[%emt 0:00:23]} Qg5 {[%emt 0:00:26]} 32. Nf5 {[%emt 0:02:06]} Rc7 {[%emt 0:04:19]} 33. Qe6 {[%emt 0:04:57]} Ne7 {[%emt 0:09:44]} 34. Qxe5 {[%emt 0:02:33]} Rac8 {[%emt 0:01:24]} 35. Nxf4 {[%emt 0:05:26]} 1-0

[Event "7. Arber-Senioren-Cup 2019"]
[Site "Bodenmais"]
[Date "2019.08.03"]
[Round "8.19"]
[White "Halli, Gerhard"]
[Black "Riedl, Maximilian"]
[Result "1/2-1/2"]
[WhiteElo "1955"]
[BlackElo "1905"]
[Annotator "NA"]
[PlyCount "51"]
[EventDate "2019.07.27"]
[EventType "swiss"]
[EventCountry "GER"]
[SourceTitle "playchess.com"]
[Source "ChessBase"]
[SourceQuality "1"]
[TimeControl "5400+30"]

1. d4 {[%emt 0:00:00]} d5 {[%emt 0:00:00]} 2. Bf4 {[%emt 0:00:00]} Bf5 {[%emt 0:00:00]} 3. e3 {[%emt 0:00:00]} e6 {[%emt 0:00:00]} 4. Bd3 {[%emt 0:00:00]} Bxd3 {[%emt 0:00:00]} 5. Qxd3 {[%emt 0:00:00]} c6 {[%emt 0:00:00]} 6. Nf3 {[%emt 0:00:00]} Nd7 {[%emt 0:00:00]} 7. Nbd2 {[%emt 0:00:00]} Ngf6 {[%emt 0:00:00]} 8. h3 {[%emt 0:00:00]} Be7 {[%emt 0:00:00]} 9. O-O {[%emt 0:00:00]} O-O {[%emt 0:00:00]} 10. c3 {[%emt 0:00:00]} c5 {[%emt 0:00:00]} 11. Bh2 {[%emt 0:00:00]} c4 {[%emt 0:00:00]} 12. Qc2 {[%emt 0:00:00]} b5 {[%emt 0:00:00]} 13. e4 {[%emt 0:00:00]} dxe4 {[%emt 0:00:00]} 14. Nxe4 {[%emt 0:00:00]} Nxe4 {[%emt 0:00:00]} 15. Qxe4 {[%emt 0:00:00]} Nf6 {[%emt 0:00:00]} 16. Qb7 {[%emt 0:00:00]} Qd7 {[%emt 0:00:00]} 17. Qa6 {[%emt 0:00:00]} Qd5 {[%emt 0:00:00]} 18. a4 {[%emt 0:00:00]} b4 {[%emt 0:00:00]} 19. cxb4 {[%emt 0:00:00]} Bxb4 {[%emt 0:00:00]} 20. Rac1 {[%emt 0:00:00]} Rfc8 {[%emt 0:00:00]} 21. Rc2 {[%emt 0:00:00]} Rc6 {[%emt 0:00:00]} 22. Qb7 {[%emt 0:00:00]} Rb6 {[%emt 0:00:00]} 23. Qc7 {[%emt 0:00:00]} Rc6 {[%emt 0:00:00]} 24. Qb7 {[%emt 0:00:00]} Rb6 {[%emt 0:00:00]} 25. Qc7 {[%emt 0:00:00]} Rc6 {[%emt 0:00:00]} 26. Qb7 {[%emt 0:00:00]} 1/2-1/2